000 01627nam0a2200313 4500
001 RU\NLR\bibl\506726
005 20260407095951.0
010 _a5-7883-0265-X
_9500
021 _aRU
_b2003-73226
_93630
035 _a(NLR Aleph) 000499277
090 _a1163259
_c1163259
100 _a20040331d2003 |||y0rusy50 ca
101 0 _arus
102 _aRU
105 _ay |||||||||
200 1 _aЕстествознание. Экономика. Управление
_eАктуал. пробл. соврем. естествознания
_eМежвуз. сб. науч. работ, посвящ. памяти Александра Ивановича Федосова
_eСпец. вып.
_fМ-во образования Рос. Федерации, Самар. гос. аэрокосм. ун-т им. акад. С.П. Королева
_g[Гл. ред.: д.ф.-м.н., проф. Ю.Л. Ратис]
210 _aСамара
_cСамар. гос. аэрокосм. ун-т
_d2003
215 _a37 с.
_d29
320 _aБиблиогр. в конце ст.
606 0 _aМолния шаровая
_jСборники
_xФизика
_91617079
_3RU\NLR\auth\66713138
686 _aД236.471.2я43
702 1 _aРатис
_bЮ. Л.
_4340
712 0 2 _4570
_aСамарский государственный аэрокосмический университет им. С. П. Королева
_9347301
_3RU\NLR\AUTH\889925748
801 0 _aRU
_bNLR
_c20040331
_gPSBO
801 1 _aRU
_bNLR
_c20040331
830 _aСборник посвящен шаровой молнии
942 _cBOOK
980 _aNB